| 000 | 00593cam a22002171 4500 | ||
|---|---|---|---|
| 001 | af 48000185 | ||
| 003 | DLC | ||
| 005 | 20260227110842.0 | ||
| 008 | 880902s1940 ne ch 000 0 dut | ||
| 010 | _aaf 48000185 | ||
| 035 | _a(OCoLC)23431794 | ||
| 040 |
_aDLC _cMiU _dDLC |
||
| 042 | _apremarc | ||
| 050 | 0 | 0 |
_aHX309 _b.G6 |
| 100 | 1 |
_aGoes, Franc van der, _d1859-1939. |
|
| 245 | 0 | 0 | _aJournalistiek werk uit de jaren 1933/1938. |
| 260 |
_aAmsterdam, _bWereld-bibliotheek, _c1940. |
||
| 300 |
_a103 p. _bport., facsim. _c20 cm. |
||
| 650 | 0 | _aSocialism | |
| 650 | 0 |
_aSocialism _zNetherlands |
|
| 999 |
_c3953 _d3953 |
||